01177cam a22003011a 4500001001300000003000400013005001700017008004100034010001700075035001900092040001800111041001100129042001200140050001800152100001900170245028100189260004000470300002900510500003600539500004300575504003000618650001800648650001800666650002900684650001900713740012600732999001700858sa 68017123 DLC20260227112700.0810415s1965 io a b 000 0 ind  asa 68017123  a(OCoLC)7337371 aDLCcOAUdDLC0 aindeng apremarc00aQR201.T6bT461 aThe, Kie Seng.10aPenilaian pertjobaan nikotinamida untuk mendiferensiasikan antara kuman tuberkulosis djenis human dan mycobacterium djenis lain-lain =bEvaluation of the nicotinamide test for the differentiation of human tubercle bacilli from other types of mycobacteria /coleh The Kie Seng. a[Djakarta :bThe Kie Seng ;c1965.] a153 p. :bill. ;c27 cm. aThesis - Universitas Indonesia. aIn Indonesian with summary in English. aBibliography: p. 134-153. 0aTuberculosis. 0aNicotinamide. 0aBacteriologyxTechnique. 0aMycobacterium.0 aEvaluation of the nicotinamide test for the differentiation of human tubercle baccilli from other types of mycobacterium. c87527d87527